000 00558nam a22001817a 4500
999 _c41682
_d41682
003 OSt
005 20221110131217.0
008 221102b ||||| |||| 00| 0 eng d
020 _a9788122422153
040 _coclc
082 _a641.3001
_bMAN/F
100 _99215
_aManay, N Shakuntala
245 _aFoods facts and principles /
_cN Shakuntala Manay
250 _athird revised edition
260 _aNew DelhiI:
_bNEW AGE INTERNATIONAL (P) LIMITED,
_c2017
300 _a490p
942 _2ddc
_cBK
_h641.3001
_iMAN/F
_k641.3001
_mMAN/F